| 000 | 01340cam a22003738a 4500 | ||
|---|---|---|---|
| 001 | 16876802 | ||
| 003 | OSt | ||
| 005 | 20150408114143.0 | ||
| 008 | 110718s2012 enk 000 0 eng | ||
| 010 | _a 2011030216 | ||
| 020 | _a9780470091845 (hardback) | ||
| 020 | _a9780470091852 (paper) | ||
| 040 |
_aDLC _cDLC _dDLC |
||
| 042 | _apcc | ||
| 082 | 0 | 0 |
_a612.76 _223 _bMDB |
| 084 |
_aMED084000 _2bisacsh |
||
| 100 | 1 |
_aMacLaren, D. _q(Don) _938038 |
|
| 245 | 1 | 0 |
_aBiochemistry for sport and exercise metabolism / _cDonald MacLaren and James Morton. |
| 260 |
_aChichester, West Sussex ; _aHoboken NJ : _bWiley, _c2012. |
||
| 263 | _a1202 | ||
| 300 |
_axiii, 249 p. : _bill ; _c24 cm. |
||
| 520 | _a"This book will provide them with the basics of the subject presented in a clear, accessible style placed firmly within a sporting context"-- | ||
| 650 | 0 |
_aHuman mechanics. _910178 |
|
| 650 | 0 | _aBiochemistry. | |
| 650 | 0 |
_aSports _xPhysiological aspects. _938039 |
|
| 650 | 0 |
_aExercise _xPhysiological aspects. _917641 |
|
| 650 | 0 |
_aEnergy metabolism. _938040 |
|
| 650 | 0 |
_aMuscles _xMetabolism. _938041 |
|
| 650 | 7 |
_aMEDICAL / Sports Medicine _2bisacsh. _938042 |
|
| 700 | 1 |
_aMorton, James, _d1982- _938043 |
|
| 906 |
_a7 _bcbc _corignew _d1 _eecip _f20 _gy-gencatlg |
||
| 942 |
_2ddc _cDVD |
||
| 999 |
_c31349 _d265849 |
||